Plasmas en el laboratorio y en el cosmos
| Main Author: | |
|---|---|
| Format: | Section = Libro |
| Language: | Undetermined Spanish |
| Published: |
México
Centro Regional de Ayuda Técnica
1968
|
| Subjects: |
| LEADER | 00463nam a2200169Ia 4500 | ||
|---|---|---|---|
| 008 | 240829s9999 xx 000 0 und d | ||
| 040 | |a BIBLIOTECA-RUSB/ 537.16 B688 | ||
| 041 | |a spa | ||
| 082 | |a 537.16 B688 | ||
| 100 | 1 | |a Boley, Forrest I | |
| 245 | 1 | 0 | |a Plasmas en el laboratorio y en el cosmos |
| 260 | |a México |b Centro Regional de Ayuda Técnica |c 1968 | ||
| 300 | |a 175 p. :il. | ||
| 650 | 7 | |a PLASMA-GASES IONIZADOS | |
| 942 | |c BK |2 ddc | ||
| 991 | |a TEXTO | ||
| 999 | |c 2169 | ||